[Event "ROM-ch U08"]
[Site "Baile Felix"]
[Date "2017.02.07"]
[Round "7"]
[White "Mihalea, Pavel Tudor"]
[Black "Ciobanu, Sebastian Andrei"]
[Result "1/2-1/2"]
[WhiteElo "1001"]
[BlackElo "1177"]
[PlyCount "49"]
[EventDate "2017.02.02"]
[EventType "swiss"]
[EventRounds "9"]
[EventCountry "ROU"]
[SourceTitle "CBM 176 Extra"]
[Source "ChessBase"]
[SourceDate "2017.03.02"]
[SourceVersion "1"]
[SourceVersionDate "2017.03.02"]
[SourceQuality "1"]

1. e4 e6 2. d3 d5 3. exd5 exd5 4. Qe2+ Be7 5. Nf3 Nf6 6. Qd2 0-0 7. Be2 Be6 8. 0-0 Bd6 9. Nc3 Nc6 10. Qd1 Qd7 11. Be3 Be7 12. d4 Bd6 13. Qd2 Na5 14. Bd3 Nc4 15. Qe2 Nxe3 16. fxe3 c5 17. Ng5 Bc7 18. Kf2 Bxh2 19. Rh1 Bc7 20. Nxh7 Nxh7 21. Bxh7+ Kh8 22. Bd3+ Kg8 23. Bh7+ Kh8 24. Bd3+ Kg8 25. Bh7+ 1/2-1/2

[Event "ROM-ch U08"]
[Site "Baile Felix"]
[Date "2017.02.06"]
[Round "6"]
[White "Strajan, Andrei Mihai"]
[Black "Mihalea, Pavel Tudor"]
[Result "1-0"]
[WhiteElo "1066"]
[BlackElo "1001"]
[PlyCount "79"]
[EventDate "2017.02.02"]
[EventType "swiss"]
[EventRounds "9"]
[EventCountry "ROU"]
[SourceTitle "CBM 176 Extra"]
[Source "ChessBase"]
[SourceDate "2017.03.02"]
[SourceVersion "1"]
[SourceVersionDate "2017.03.02"]
[SourceQuality "1"]

1. e4 e5 2. Nf3 Nc6 3. Bc4 Be7 4. 0-0 d6 5. d4 exd4 6. Nxd4 Nxd4 7. Qxd4 Nf6 8. Nc3 Be6 9. Bxe6 fxe6 10. Qa4+ Nd7 11. Qd4 Bf6 12. Qd2 Qe7 13. Qe3 0-0-0 14. Qxa7 Ne5 15. Qa8+ Kd7 16. Qxb7 Rb8 17. Qa7 Ra8 18. Qe3 Nc4 19. Qd3 Ne5 20. Qd2 Nc4 21. Qe2 Ne5 22. Qb5+ Nc6 23. Bf4 Ra5 24. Qe2 Nd4 25. Qd2 e5 26. Nd5 Qe6 27. Qxa5 Rc8 28. Be3 Nxc2 29. Rac1 Bd8 30. Rxc2 Ke8 31. Qa4+ Kf7 32. f4 exf4 33. Rxf4+ Kg6 34. Rf1 Bf6 35. Nf4+ Kf7 36. Nxe6 Kxe6 37. Qc4+ Kd7 38. Qf7+ Kd8 39. e5 dxe5 40. Rd2# 1-0

[Event "ROM-ch U08"]
[Site "Baile Felix"]
[Date "2017.02.02"]
[Round "1"]
[White "Mihalea, Pavel Tudor"]
[Black "Costan, Rares Cristian"]
[Result "0-1"]
[WhiteElo "1001"]
[BlackElo "1079"]
[PlyCount "86"]
[EventDate "2017.02.02"]
[EventType "swiss"]
[EventRounds "9"]
[EventCountry "ROU"]
[SourceTitle "CBM 176 Extra"]
[Source "ChessBase"]
[SourceDate "2017.03.02"]
[SourceVersion "1"]
[SourceVersionDate "2017.03.02"]
[SourceQuality "1"]

1. e4 e6 2. Nc3 d5 3. d3 Bd6 4. exd5 exd5 5. Qe2+ Qe7 6. Qxe7+ Nxe7 7. Be3 Nbc6 8. Be2 d4 9. Bxd4 Nxd4 10. 0-0-0 b6 11. Bf3 Nxf3 12. Nxf3 Bb7 13. Rhe1 0-0-0 14. Ng5 Bf4+ 15. Kb1 Bxg5 16. Ne4 Bxe4 17. Rxe4 Rhe8 18. f3 Nc6 19. Rde1 Rxe4 20. Rxe4 f5 21. Re2 Kd7 22. g3 Re8 23. Rxe8 Kxe8 24. h4 Be7 25. Kc1 Nd4 26. Kd2 Nxf3+ 27. Kc3 Ne5 28. Kd4 Bd6 29. c4 c5+ 30. Kd5 Kd7 31. a4 Nf3 32. b3 Bxg3 33. h5 Ng5 34. d4 f4 35. dxc5 bxc5 36. Kxc5 f3 37. b4 f2 38. Kb5 f1Q 39. Ka5 Qxc4 40. b5 Bc7+ 41. Ka6 Qe6+ 42. Kxa7 Qb6+ 43. Ka8 Qb8# 0-1